| 000 | 02090nam a22002657a 4500 | ||
|---|---|---|---|
| 999 |
_c57211 _d57211 |
||
| 003 | Ge_BSU | ||
| 005 | 20200219110619.0 | ||
| 008 | 200117s2017 ||||| |||| 00| 0 geo d | ||
| 020 | _a9789941096129 | ||
| 041 | _ageo | ||
| 080 | _a69:620.9 ე-67 | ||
| 245 |
_aენერგოეფექტურობა მშენებლობაში : _b[სახელმძღვანელო] / _cბირგიტ დ. მაიერ-ვ ; ხათუნა სიჭინავა ; თომას დუცია [და სხვ.] წინასიტყვაობა : ირმა ქავთარაძე ; მარი შეფერი. |
||
| 264 |
_aთბ. ; _bgiz. ; _c2017. |
||
| 300 |
_a264 გვ .: _b ფოტ. ; _c24 სმ. |
||
| 504 | _aბიბლიოგრ.: გვ. 260-261. | ||
| 521 | _aგამოცემულია სამხრეთ კავკასიაში კერძო სექტორის განვითარებისა და პროფესიული განათლების პროგრამის მხარდაჭერით, გერმანიის საერთაშორისო თანამშრომლობის საზ-ბის (GIZ) მიერ, გერმანიის ეკონომიკური თანამშრომლობისა და განვითარების ფედერალური სამინისტროს (BMZ) სახელით | ||
| 653 | _aენერგეტიკა ზოგადი ენერგეტიკა. | ||
| 653 | _aმშენებლობა | ||
| 700 |
_aმაიერ-ვ , ბირგიტ დ. _929 |
||
| 700 |
_aსიჭინავა, ხათუნა _930 |
||
| 700 |
_aდუცია, თომას _96214 |
||
| 700 |
_aქავთარაძე, ირმა _eწინასიტყვაობა _96215 |
||
| 700 |
_aშეფერი, მარი _eწინასიტყვაობა _96216 |
||
| 942 |
_2udc _cBK |
||